| 000 | 00686nam0a22002531 4500 | ||
|---|---|---|---|
| 001 | RU\NLR\INFOCOMM16\ROSSICA\1000470123 | ||
| 005 | 20250613185433.0 | ||
| 035 | _a(NLR Aleph) 009887242 | ||
| 090 |
_a10501487 _c10501487 |
||
| 100 | _a20030715d1897 |||y0rusy50 ca | ||
| 101 | 0 | _ager | |
| 102 | _aRU | ||
| 105 | _ay ||||000ay | ||
| 200 | 1 |
_aDie technische Versuchanstalt auf der Ausstellung zu Nishny-Nowgorod _e1896 _fDoepp, G.v. |
|
| 210 |
_aSt.Petersburg _d1897 |
||
| 215 | _d8° | ||
| 700 | 1 |
_aDoepp _bG.v. _4070 |
|
| 801 | 1 |
_aRU _bInfoComm _c20030715 |
|
| 801 | 0 |
_aRU _bNLR _gPSBO |
|
| 852 |
_aNLR _j12.53.6.1023 |
||
| 942 | _cBOOK | ||
| 980 | _aNB | ||
| 980 | _aRossica | ||